00341nam a2200121 450000500170000010000340001724500500005126400300010130000180013133600220014933700240017133800240019520260530113907.01 aPaul Arthur • Romedi Pasini10aWayfinding • People, Signs and Architecture 1bMcGraw Hill Companyc1994 a238 páginas atexto2rdacontent asin medio2rdamedia avolumen2rdacarrier